WOMEN IH THE LABOUR MARKET IN CHANGING ECONOMIES: DEMOGRAPHIC ISSUES. (Record no. 6362)
[ view plain ]
| 000 -LEADER | |
|---|---|
| fixed length control field | 00408nam a22001217a 4500 |
| 008 - FIXED-LENGTH DATA ELEMENTS--GENERAL INFORMATION | |
| fixed length control field | 180620b ||||| |||| 00| 0 eng d |
| 020 ## - INTERNATIONAL STANDARD BOOK NUMBER | |
| International Standard Book Number | 0-19-926112-1 |
| 082 ## - | |
| Classification number | 304.6 WOM |
| 100 ## - MAIN ENTRY--PERSONAL NAME | |
| Titles and other words associated with a name | GARCIA BRIGIDA,ANKER RICHARD AND PINNELLI ANTONELLA(ED) |
| 245 ## - TITLE STATEMENT | |
| Title | WOMEN IH THE LABOUR MARKET IN CHANGING ECONOMIES: DEMOGRAPHIC ISSUES. |
| 250 ## - EDITION STATEMENT | |
| Edition statement | 5TH, ED. |
| 260 ## - PUBLICATION, DISTRIBUTION, ETC. (IMPRINT) | |
| Place of publication, distribution, etc. | GREAT CLARENDON |
| Name of publisher, distributor, etc. | OXFORD UNIVERSITY PRESS |
| Date of publication, distribution, etc. | 2004 |
| Withdrawn status | Lost status | Source of classification or shelving scheme | Damaged status | Koha normalized classification for sorting | Not for loan | Home library | Current library | Shelving location | Date acquired | Total Checkouts | Full call number | Barcode | Date last seen | Price effective from | Koha item type |
|---|---|---|---|---|---|---|---|---|---|---|---|---|---|---|---|
| Dewey Decimal Classification | 304_600000000000000_WOM | Dodoma | Dodoma | Ground Floor | 20/06/2018 | 304.6 WOM | *000000000824* | 29/07/2019 | 20/06/2018 | BOOKS | |||||
| Dewey Decimal Classification | 304_600000000000000_WOM | Dodoma | Dodoma | Ground Floor | 20/06/2018 | 304.6 WOM | *0000000017083* | 29/07/2019 | 20/06/2018 | BOOKS | |||||
| Dewey Decimal Classification | 304_600000000000000_WOM | Dodoma | Dodoma | Ground Floor | 20/06/2018 | 304.6 WOM | *000000000822* | 29/07/2019 | 20/06/2018 | BOOKS |
